[Event "2019"]
[Site "?"]
[Date "2019.06.02"]
[Round "7.17"]
[White "Carnot, Luca"]
[Black "Haasner, Tom"]
[Result "1-0"]
[BlackElo "1963"]
[WhiteElo "2043"]
[LiveChessVersion "1.4.8"]

1. c4 {[%clk 1:29:01]} c5 {[%clk 1:30:45]} 2. g3 {[%clk 1:29:26]} Nc6
{[%clk 1:30:49]} 3. Bg2 {[%clk 1:29:43]} g6 {[%clk 1:31:10]} 4. Nc3
{[%clk 1:30:08]} Bg7 {[%clk 1:31:32]} 5. e4 {[%clk 1:27:14]} e6 {[%clk 1:31:19]}
6. Nge2 {[%clk 1:27:36]} Nge7 {[%clk 1:30:54]} 7. O-O {[%clk 1:27:33]} O-O
{[%clk 1:30:54]} 8. a3 {[%clk 1:27:53]} b6 {[%clk 1:10:23]} 9. Rb1
{[%clk 1:27:48]} a5 {[%clk 1:08:36]} 10. d3 {[%clk 1:25:19]} Nd4 {[%clk 0:50:05]}
11. Bf4 {[%clk 1:13:53]} Nxe2+ {[%clk 0:39:24]} 12. Qxe2 {[%clk 1:12:56]} d6
{[%clk 0:34:35]} 13. e5 {[%clk 1:06:19]} d5 {[%clk 0:34:41]} 14. Bg5
{[%clk 1:04:13]} Bb7 {[%clk 0:31:59]} 15. f4 {[%clk 1:03:20]} Re8
{[%clk 0:27:19]} 16. Nb5 {[%clk 1:01:20]} h6 {[%clk 0:26:57]} 17. Nd6
{[%clk 0:52:21]} hxg5 {[%clk 0:24:28]} 18. Nxb7 {[%clk 0:52:46]} Qd7
{[%clk 0:24:03]} 19. Nd6 {[%clk 0:53:14]} Rf8 {[%clk 0:22:07]} 20. fxg5
{[%clk 0:47:35]} Rad8 {[%clk 0:15:42]} 21. cxd5 {[%clk 0:42:13]} Nxd5
{[%clk 0:14:54]} 22. Nc4 {[%clk 0:41:27]} b5 {[%clk 0:08:05]} 23. Nd2
{[%clk 0:38:18]} Ne7 {[%clk 0:06:13]} 24. Nb3 {[%clk 0:26:35]} a4
{[%clk 0:04:15]} 25. Nxc5 {[%clk 0:24:23]} Qd4+ {[%clk 0:04:34]} 26. Qf2
{[%clk 0:24:50]} Bxe5 {[%clk 0:03:45]} 27. Ne4 {[%clk 0:25:18]} Nf5
{[%clk 0:03:19]} 28. Rfd1 {[%clk 0:22:30]} Rc8 {[%clk 0:00:58]} 29. Rd2
{[%clk 0:18:58]} Kg7 {[%clk 0:01:27]} 30. Kf1 {[%clk 0:11:27]} Ne3+
{[%clk 0:01:02]} 31. Ke2 {[%clk 0:11:47]} Nd5 {[%clk 0:00:33]} 32. Qf3
{[%clk 0:11:15]} b4 {[%clk 0:00:34]} 33. axb4 {[%clk 0:09:36]} Qxb4
{[%clk 0:00:47]} 34. d4 {[%clk 0:06:31]} Qc4+ {[%clk 0:00:32]} 35. Qd3
{[%clk 0:06:39]} Qxd3+ {[%clk 0:00:36]} 36. Kxd3 {[%clk 0:06:56]} Bb8
{[%clk 0:00:31]} 37. Nc5 {[%clk 0:07:02]} Rfd8 {[%clk 0:00:33]} 38. Nxa4
{[%clk 0:06:01]} Nb4+ {[%clk 0:00:53]} 39. Ke4 {[%clk 0:04:39]} Ba7
{[%clk 0:00:34]} 40. Nc3 {[%clk 0:03:46]} Rc4 {[%clk 0:00:34]} 41. Nb5
{[%clk 0:03:49]} Bb8 {[%clk 0:13:33]} 42. Bf1 {[%clk 0:16:38]} Rc6
{[%clk 0:13:21]} 43. Ra1 {[%clk 0:15:32]} Bd6 {[%clk 0:07:33]} 44. Ra7
{[%clk 0:13:22]} Rc1 {[%clk 0:07:17]} 45. Rf2 {[%clk 0:13:14]} Re1+
{[%clk 0:07:17]} 46. Be2 {[%clk 0:13:26]} Kg8 {[%clk 0:05:30]} 47. Ke3
{[%clk 0:12:11]} Nd5+ {[%clk 0:05:33]} 48. Kd3 {[%clk 0:12:15]} Be7
{[%clk 0:05:33]} 49. Nc3 {[%clk 0:10:26]} Kf8 {[%clk 0:04:02]} 50. Kd2
{[%clk 0:07:23]} Rg1 {[%clk 0:04:20]} 51. Bc4 {[%clk 0:07:08]} Bxg5+
{[%clk 0:04:27]} 52. Ke2 {[%clk 0:07:06]} Be7 {[%clk 0:02:36]} 53. Bxd5
{[%clk 0:05:27]} exd5 {[%clk 0:02:59]} 54. Rb7 {[%clk 0:05:31]} Rc1
{[%clk 0:03:01]} 55. Kd3 {[%clk 0:05:42]} f5 {[%clk 0:02:23]} 56. g4
{[%clk 0:06:00]} Bd6 {[%clk 0:01:15]} 57. gxf5 {[%clk 0:06:17]} g5
{[%clk 0:01:38]} 58. Rb5 {[%clk 0:04:14]} Bf4 {[%clk 0:01:45]} 59. Nxd5
{[%clk 0:03:56]} Rd1+ {[%clk 0:01:52]} 60. Kc3 {[%clk 0:03:53]} Rc8+
{[%clk 0:02:01]} 61. Kb3 {[%clk 0:03:55]} Rxd4 {[%clk 0:02:23]} 62. Nxf4
{[%clk 0:04:21]} gxf4 {[%clk 0:02:37]} 63. Rf3 {[%clk 0:03:55]} Re4
{[%clk 0:02:11]} 64. Rb4 {[%clk 0:04:01]} Rce8 {[%clk 0:02:11]} 65. Rxf4
{[%clk 0:03:34]} Re3+ {[%clk 0:02:12]} 66. Ka2 {[%clk 0:02:55]} Rh3
{[%clk 0:02:09]} 67. Rf2 {[%clk 0:02:36]} Ra8+ {[%clk 0:02:34]} 68. Kb1
{[%clk 0:03:02]} Kf7 {[%clk 0:02:31]} 69. f6 {[%clk 0:03:23]} Ra7
{[%clk 0:02:53]} 70. Rg4 {[%clk 0:03:18]} Kf8 {[%clk 0:02:49]} 71. Rg3
{[%clk 0:02:57]} Rh5 {[%clk 0:02:58]} 72. Kc2 {[%clk 0:03:15]} Rb7
{[%clk 0:03:08]} 73. Rd2 {[%clk 0:03:15]} Rb8 {[%clk 0:02:43]} 74. Rgd3
{[%clk 0:02:42]} Kf7 {[%clk 0:02:53]} 75. Rd7+ {[%clk 0:03:07]} Kxf6
{[%clk 0:02:57]} 76. R2d6+ {[%clk 0:03:34]} Kg5 {[%clk 0:03:08]} 77. Rd5+
{[%clk 0:04:00]} Kh4 {[%clk 0:03:29]} 78. Rxh5+ {[%clk 0:04:24]} Kxh5
{[%clk 0:03:51]} 79. Rd4 {[%clk 0:04:51]} 1-0

[Event "2019"]
[Site "?"]
[Date "2019.06.02"]
[Round "7.18"]
[White "Hoekstra, Peter"]
[Black "Hiemer, Bernd"]
[Result "1-0"]
[BlackElo "2036"]
[WhiteElo "1979"]
[LiveChessVersion "1.4.8"]

1. e4 {[%clk 1:24:55]} d6 {[%clk 1:29:10]} 2. d4 {[%clk 1:25:13]} Nf6
{[%clk 1:29:36]} 3. Nc3 {[%clk 1:25:37]} g6 {[%clk 1:30:03]} 4. h3
{[%clk 1:24:55]} Bg7 {[%clk 1:30:22]} 5. Be3 {[%clk 1:25:19]} c6 {[%clk 1:30:33]}
6. a4 {[%clk 1:25:13]} O-O {[%clk 1:30:35]} 7. Nf3 {[%clk 1:25:39]} Qa5
{[%clk 1:28:16]} 8. Nd2 {[%clk 1:24:33]} Nbd7 {[%clk 1:23:11]} 9. Be2
{[%clk 1:13:30]} Qc7 {[%clk 1:17:43]} 10. Nc4 {[%clk 1:13:21]} b6
{[%clk 1:09:33]} 11. f4 {[%clk 1:03:13]} Nxe4 {[%clk 0:53:34]} 12. Nxe4
{[%clk 1:02:05]} d5 {[%clk 0:53:47]} 13. Ng5 {[%clk 0:58:11]} dxc4
{[%clk 0:53:07]} 14. Bxc4 {[%clk 0:58:35]} Nf6 {[%clk 0:53:16]} 15. O-O
{[%clk 0:55:30]} Nd5 {[%clk 0:53:09]} 16. Bc1 {[%clk 0:52:38]} h6
{[%clk 0:46:51]} 17. Nf3 {[%clk 0:45:27]} Nxf4 {[%clk 0:31:54]} 18. Bxf4
{[%clk 0:45:04]} Qxf4 {[%clk 0:32:21]} 19. Ne5 {[%clk 0:45:03]} Qe3+
{[%clk 0:32:44]} 20. Kh1 {[%clk 0:42:06]} Bxe5 {[%clk 0:32:01]} 21. dxe5
{[%clk 0:42:32]} Bxh3 {[%clk 0:26:53]} 22. Rf3 {[%clk 0:41:26]} Bxg2+
{[%clk 0:24:11]} 23. Kxg2 {[%clk 0:39:13]} Qxe5 {[%clk 0:24:36]} 24. Qd3
{[%clk 0:36:53]} Kg7 {[%clk 0:21:54]} 25. Raf1 {[%clk 0:36:46]} Qg5+
{[%clk 0:17:56]} 26. Rg3 {[%clk 0:36:42]} Qh5 {[%clk 0:12:27]} 27. Rf5
{[%clk 0:36:16]} g5 {[%clk 0:12:44]} 28. Qd4+ {[%clk 0:32:30]} f6
{[%clk 0:10:48]} 29. Qe4 {[%clk 0:32:49]} Qe8 {[%clk 0:10:27]} 30. Bd3
{[%clk 0:33:07]} Rh8 {[%clk 0:10:03]} 31. Re3 {[%clk 0:31:05]} Kf8
{[%clk 0:05:34]} 32. Ref3 {[%clk 0:26:49]} Kg7 {[%clk 0:06:01]} 33. Re5
{[%clk 0:23:48]} Kf8 {[%clk 0:05:18]} 34. Rxf6+ {[%clk 0:17:23]} exf6
{[%clk 0:05:37]} 35. Rxe8+ {[%clk 0:17:49]} Rxe8 {[%clk 0:06:02]} 36. Qxc6
{[%clk 0:17:07]} Kf7 {[%clk 0:03:40]} 37. Qd7+ {[%clk 0:17:10]} Kf8
{[%clk 0:03:16]} 38. Bc4 {[%clk 0:16:31]} 1-0

[Event "2019"]
[Site "?"]
[Date "2019.06.02"]
[Round "7.20"]
[White "Stauch, Edgar"]
[Black "Minor, Viatcheslav"]
[Result "1/2-1/2"]
[BlackElo "2032"]
[WhiteElo "2207"]
[LiveChessVersion "1.4.8"]

1. c4 {[%clk 1:30:57]} Nf6 {[%clk 1:30:49]} 2. g3 {[%clk 1:31:08]} c5
{[%clk 1:30:40]} 3. Bg2 {[%clk 1:30:05]} d5 {[%clk 1:30:58]} 4. cxd5
{[%clk 1:30:26]} Nxd5 {[%clk 1:31:25]} 5. Nc3 {[%clk 1:30:48]} Nc7
{[%clk 1:31:47]} 6. Nf3 {[%clk 1:22:45]} Nc6 {[%clk 1:31:32]} 7. O-O
{[%clk 1:06:30]} e5 {[%clk 1:30:42]} 8. d3 {[%clk 1:06:05]} Be7 {[%clk 1:31:02]}
9. Ne1 {[%clk 1:04:53]} Bd7 {[%clk 1:19:01]} 10. f4 {[%clk 1:03:32]} exf4
{[%clk 1:17:01]} 11. gxf4 {[%clk 0:47:28]} O-O {[%clk 1:14:59]} 12. e4
{[%clk 0:43:37]} Ne6 {[%clk 1:12:19]} 13. Qh5 {[%clk 0:41:58]} Ned4
{[%clk 1:10:43]} 14. Be3 {[%clk 0:39:06]} Rc8 {[%clk 1:09:58]} 15. Rc1
{[%clk 0:37:45]} f6 {[%clk 1:09:50]} 16. Kh1 {[%clk 0:37:05]} Be8
{[%clk 1:07:37]} 17. Qd1 {[%clk 0:36:09]} Bd6 {[%clk 1:07:42]} 18. Bh3
{[%clk 0:35:22]} Bd7 {[%clk 1:07:07]} 19. Qh5 {[%clk 0:33:42]} Bxh3
{[%clk 1:03:28]} 20. Qxh3 {[%clk 0:34:11]} Qe7 {[%clk 1:00:13]} 21. Nd5
{[%clk 0:33:40]} Qe6 {[%clk 0:56:54]} 22. f5 {[%clk 0:32:13]} Qf7
{[%clk 0:56:26]} 23. Ng2 {[%clk 0:24:51]} Rfe8 {[%clk 0:51:27]} 24. Rf2
{[%clk 0:23:24]} Nb4 {[%clk 0:41:47]} 25. Ngf4 {[%clk 0:17:59]} Be5
{[%clk 0:27:33]} 26. Rg2 {[%clk 0:14:49]} Nxd5 {[%clk 0:25:18]} 27. Nxd5
{[%clk 0:14:40]} Kh8 {[%clk 0:18:24]} 28. Rcg1 {[%clk 0:14:12]} Rg8
{[%clk 0:18:22]} 29. Rg4 {[%clk 0:13:22]} Nxf5 {[%clk 0:18:38]} 30. exf5
{[%clk 0:10:55]} Qxd5+ {[%clk 0:18:49]} 31. R1g2 {[%clk 0:11:16]} g6
{[%clk 0:15:12]} 32. fxg6 {[%clk 0:09:59]} Rc7 {[%clk 0:13:53]} 33. Bh6
{[%clk 0:06:42]} f5 {[%clk 0:12:01]} 34. Rg5 {[%clk 0:04:22]} Rxg6
{[%clk 0:10:06]} 35. Rxg6 {[%clk 0:04:32]} hxg6 {[%clk 0:10:35]} 36. Bf4+
{[%clk 0:02:44]} Rh7 {[%clk 0:10:42]} 37. Bxe5+ {[%clk 0:03:11]} Qxe5
{[%clk 0:10:53]} 38. Qf3 {[%clk 0:02:36]} 1/2-1/2

[Event "2019"]
[Site "?"]
[Date "2019.06.02"]
[Round "7.26"]
[White "Bunk, Wolfgang"]
[Black "Dannhaeuser, Kevin"]
[Result "0-1"]
[BlackElo "2095"]
[WhiteElo "1995"]
[LiveChessVersion "1.4.8"]

1. d4 {[%clk 1:30:59]} g6 {[%clk 1:30:48]} 2. e4 {[%clk 1:31:05]} Bg7
{[%clk 1:31:11]} 3. c4 {[%clk 1:29:29]} c5 {[%clk 1:30:53]} 4. d5
{[%clk 1:29:27]} d6 {[%clk 1:26:56]} 5. Nc3 {[%clk 1:28:53]} a6 {[%clk 1:17:17]}
6. Bd3 {[%clk 1:13:36]} e5 {[%clk 1:15:29]} 7. f4 {[%clk 1:08:07]} Ne7
{[%clk 1:10:22]} 8. fxe5 {[%clk 1:02:09]} Bxe5 {[%clk 1:10:42]} 9. Nf3
{[%clk 1:01:58]} Bg4 {[%clk 1:09:02]} 10. Qa4+ {[%clk 0:54:47]} b5
{[%clk 1:03:54]} 11. cxb5 {[%clk 0:52:12]} Bxf3 {[%clk 1:04:13]} 12. gxf3
{[%clk 0:52:29]} O-O {[%clk 1:02:48]} 13. Qc2 {[%clk 0:34:50]} axb5
{[%clk 1:02:03]} 14. Bxb5 {[%clk 0:30:16]} Na6 {[%clk 0:56:25]} 15. Bxa6
{[%clk 0:30:18]} Rxa6 {[%clk 0:56:49]} 16. O-O {[%clk 0:24:03]} Qd7
{[%clk 0:51:26]} 17. a4 {[%clk 0:14:35]} Qh3 {[%clk 0:33:31]} 18. Be3
{[%clk 0:08:30]} Rb8 {[%clk 0:28:28]} 19. Nb5 {[%clk 0:04:41]} Rxa4
{[%clk 0:25:24]} 20. Rxa4 {[%clk 0:04:37]} Rxb5 {[%clk 0:25:50]} 21. Ra2
{[%clk 0:03:42]} Rb3 {[%clk 0:26:05]} 22. Re1 {[%clk 0:01:38]} Qh4
{[%clk 0:15:15]} 23. Qxb3 {[%clk 0:00:47]} Qxe1+ {[%clk 0:15:37]} 24. Kg2
{[%clk 0:01:06]} Qe2+ {[%clk 0:15:07]} 25. Kg1 {[%clk 0:00:43]} Bxh2+
{[%clk 0:14:38]} 26. Kh1 {[%clk 0:01:12]} Bg3 {[%clk 0:13:50]} 27. Bg1
{[%clk 0:01:31]} Qf1 {[%clk 0:12:55]} 28. Qc2 {[%clk 0:01:28]} Qxf3+
{[%clk 0:08:32]} 29. Qg2 {[%clk 0:01:57]} Qh5+ {[%clk 0:08:18]} 30. Bh2
{[%clk 0:02:25]} Be5 {[%clk 0:08:06]} 31. Ra3 {[%clk 0:00:42]} Qh4
{[%clk 0:05:24]} 32. Rh3 {[%clk 0:00:35]} Qe1+ {[%clk 0:05:48]} 33. Bg1
{[%clk 0:00:58]} Bd4 {[%clk 0:06:05]} 34. Kh2 {[%clk 0:00:36]} Bxg1+
{[%clk 0:05:48]} 35. Qxg1 {[%clk 0:01:04]} Qxe4 {[%clk 0:06:07]} 36. Qe3
{[%clk 0:00:35]} Qc2+ {[%clk 0:05:05]} 37. Kg1 {[%clk 0:00:35]} Qb1+
{[%clk 0:05:24]} 38. Kg2 {[%clk 0:00:37]} Qxb2+ {[%clk 0:05:48]} 39. Kh1
{[%clk 0:00:58]} Qb1+ {[%clk 0:04:25]} 40. Kh2 {[%clk 0:01:09]} Qc2+
{[%clk 0:04:50]} 41. Kg1 {[%clk 0:15:09]} Qd1+ {[%clk 0:16:04]} 42. Kh2
{[%clk 0:15:29]} Nf5 {[%clk 0:16:03]} 43. Qe4 {[%clk 0:13:17]} Qd4
{[%clk 0:15:53]} 44. Qf3 {[%clk 0:05:17]} c4 {[%clk 0:12:48]} 45. Qa3
{[%clk 0:03:36]} Qe5+ {[%clk 0:12:05]} 46. Kg1 {[%clk 0:03:39]} Qxd5
{[%clk 0:12:00]} 47. Qc1 {[%clk 0:03:08]} Qd4+ {[%clk 0:11:59]} 48. Kh1
{[%clk 0:03:15]} d5 {[%clk 0:12:14]} 49. Ra3 {[%clk 0:03:32]} Qf2
{[%clk 0:10:42]} 50. Qg5 {[%clk 0:02:22]} Qh4+ {[%clk 0:10:38]} 51. Qxh4
{[%clk 0:02:43]} Nxh4 {[%clk 0:11:02]} 52. Ra8+ {[%clk 0:02:48]} Kg7
{[%clk 0:11:18]} 53. Rd8 {[%clk 0:03:16]} g5 {[%clk 0:09:55]} 54. Rxd5
{[%clk 0:03:44]} f5 {[%clk 0:10:10]} 55. Rd6 {[%clk 0:03:29]} c3 {[%clk 0:10:08]}
56. Rc6 {[%clk 0:03:53]} c2 {[%clk 0:10:32]} 57. Rxc2 {[%clk 0:04:07]} Kg6
{[%clk 0:10:27]} 58. Rc6+ {[%clk 0:03:51]} Kh5 {[%clk 0:10:49]} 59. Rc7
{[%clk 0:04:09]} h6 {[%clk 0:11:12]} 60. Rc6 {[%clk 0:04:26]} g4 61. Kh2
{[%clk 0:04:29]} Nf3+ {[%clk 0:11:22]} 62. Kg3 {[%clk 0:04:50]} Kg5
{[%clk 0:11:43]} 63. Rc8 {[%clk 0:04:52]} f4+ {[%clk 0:12:02]} 64. Kf2
{[%clk 0:05:04]} Kh4 {[%clk 0:11:25]} 65. Rc3 {[%clk 0:03:27]} Ng5
{[%clk 0:11:14]} 66. Rc4 {[%clk 0:02:23]} g3+ {[%clk 0:11:37]} 67. Kg2
{[%clk 0:02:26]} Kg4 {[%clk 0:12:02]} 0-1